000 00660nam a2200169 4500
001 3160
005 20181127170612.0
020 0 0 _a9789993663324
090 0 0 _a954.98092 U721L 2010
100 0 0 _aUra, Karma.
245 0 0 _aLeadership of the wise :
_bKings of Bhutan /
_cKarma Ura.
_h
260 0 0 _aThimphu :
_bCBS,
_c2010.
300 0 0 _axviii,196 p.
504 _aIncludes bibliographical references.
505 _aDesi Jegme Namgyel -- HM King Ugyen Wangchuck -- HM King Jigme Wangchuck -- HM King Jigme Dorji Wangchuck -- HM King Jigme Singye Wangchuck -- HM King Jigme Khesar Namgyel Wangchuck.
_g
_r
_t
650 0 0 _aBhutan --Kings and rulers --Pictorial works.
_x
999 _c2549
_d2549